Engineering Chemistry/ (Record no. 207366)

MARC details
000 -LEADER
fixed length control field 00737nam a22002297a 4500
005 - DATE AND TIME OF LATEST TRANSACTION
control field 20241203142552.0
010 ## - LCCN (DPL NO)
LC control number ENG-142724
020 ## - INTERNATIONAL STANDARD BOOK NUMBER
Terms of availability 195.00
International Standard Book Number 9789364440264
035 ## - SYSTEM CONTROL NUMBER
System control number EN-126256
037 ## - SOURCE OF ACQUISITION
Source of stock number/acquisition DBAD
082 ## - DEWEY DECIMAL CLASSIFICATION NUMBER
Classification number 660
100 ## - MAIN ENTRY--PERSONAL NAME
Personal name Mageswari, S.
245 ## - TITLE STATEMENT
Title Engineering Chemistry/
Statement of responsibility, etc by S. Mageswari; K. Balachandran [and] G. Vijayakumar
250 ## - EDITION STATEMENT
Edition statement 1
260 ## - PUBLICATION, DISTRIBUTION, ETC. (IMPRINT)
Place of publication, distribution, etc Chennai
Name of publisher, distributor, etc McGraw Hill Education Private Ltd
Date of publication, distribution, etc 2024
270 ## - ADDRESS
Address Anjana Complex, No. 5/90A, Butt Road, St Thomas Mount
City Chennai
Postal code 600016
300 ## - PHYSICAL DESCRIPTION
Extent xiv,193p.
Dimensions 23cm(pb)
500 ## - GENERAL NOTE
General note Includes index
700 ## - ADDED ENTRY--PERSONAL NAME
Personal name Balachandran, K.
Relator term Author
9 (RLIN) 74594
700 ## - ADDED ENTRY--PERSONAL NAME
Personal name G. Vijayakumar
Relator term Author
9 (RLIN) 74595
942 ## - ADDED ENTRY ELEMENTS (KOHA)
Source of classification or shelving scheme Dewey Decimal Classification
Item type English Books
Call number suffix MAG
Classification part 660
Holdings
Withdrawn status Lost status Not for loan Collection code Home library Current library Date acquired Source of acquisition Cost, normal purchase price Full call number Barcode Copy number Cost, replacement price Koha item type
      Non-fiction Ashok Vihar Ashok Vihar 03/12/2024 Delivery of Books Act Division 195.00 MAG 660 EN-126256 1 195.00 English Books

© Delhi Public Library
Hit Counter
free hit counter